A study on the effectiveness of environmental impact assessment (EIA) for housing projects /
Saved in:
| Main Author: | |
|---|---|
| Format: | Thesis |
| Language: | English |
| Published: |
Gombak, Selangor :
Kulliyyah of Arhitecture and Environmental Design, International Islamic University Malaysia,
2006
|
| Subjects: | |
| Online Access: | http://studentrepo.iium.edu.my/handle/123456789/2854 |
| Tags: |
Add Tag
No Tags, Be the first to tag this record!
|
| LEADER | 021920000a22004090004500 | ||
|---|---|---|---|
| 001 | 362909 | ||
| 005 | 20230420115631.0 | ||
| 008 | 060919t2006 my a g 000 0 eng d | ||
| 035 | |a (Sirsi) 362909 | ||
| 040 | |a UIAM |b eng | ||
| 043 | |a a-my-- | ||
| 050 | 0 | 0 | |a TD194.6 |
| 100 | 0 | |a Roslinda binti Ali |9 117482 | |
| 245 | 1 | 2 | |a A study on the effectiveness of environmental impact assessment (EIA) for housing projects / |c by Roslinda Binti Ali |
| 260 | |a Gombak, Selangor : |b Kulliyyah of Arhitecture and Environmental Design, International Islamic University Malaysia, |c 2006 | ||
| 300 | |a xvi, 174 leaves : |b ill. ; |c 30 cm. | ||
| 336 | |2 rdacontent | ||
| 337 | |2 rdamedia | ||
| 338 | |2 rdacarrier | ||
| 500 | |a Abstract in English and Arabic. | ||
| 500 | |a 'A thesis submitted in fulfilment of the requirement for the degree of Master of Science (Built Environment)." --On t.p. | ||
| 502 | |a Thesis (MSc.BE) -- International Islamic University Malaysia, 2006. | ||
| 504 | |a Includes bibliographical references (leaves 131-138). | ||
| 530 | |a Also available on 4 3/4 in. computer laser optical disc. | ||
| 650 | 0 | |a Environmental impact analysis |9 117483 | |
| 650 | 0 | |a Housing |x Environmental aspects | |
| 655 | 0 | 7 | |a Theses, IIUM local |
| 690 | 0 | |a Dissertations, Academic |x Kulliyyah of Architecture and Environmental Design |z IIUM | |
| 710 | 2 | |a International Islamic University Malaysia. |b Kulliyyah of Architecture and Environmental Design | |
| 730 | 2 | |a A study on the effectiveness of environmental impact assessment (EIA) for housing projects (Computer file) |9 117484 | |
| 856 | 4 | |u http://studentrepo.iium.edu.my/handle/123456789/2854 | |
| 900 | |a hj-ajt | ||
| 942 | |2 lcc |n 0 | ||
| 999 | |c 434496 |d 465749 | ||
| 952 | |0 0 |6 T TD 000194.6 R821S 2006 |7 0 |8 THESES |9 755830 |a IIUM |b IIUM |c MULTIMEDIA |g 0.00 |o t TD 194.6 R821S 2006 |p 00001064476 |r 2017-10-20 |t 1 |v 0.00 |y THESIS | ||
| 952 | |0 0 |6 LU T TD194.6R821S 2006 |7 0 |8 THESES |9 757664 |a IIUM |b IIUM |c CLOSEACCES |g 0.00 |o lu t TD194.6R821S 2006 |p 00011275013 |r 2017-10-25 |t 1 |v 0.00 |y THESIS | ||
| 952 | |0 0 |6 TS CDF TD 194.6 R821S 2006 |7 0 |8 THESES |9 825182 |a IIUM |b IIUM |c MULTIMEDIA |g 0.00 |o ts cdf TD 194.6 R821S 2006 |p 11100326780 |r 2017-10-26 |t 1 |v 0.00 |y THESISDIG | ||
